Воззвание "Партии правого порядка"

Доступно только в Электронных читальных залах Найти на картеНа карте
RUSMARC
00004177nac2a22003011x 450
00121d8b712-56b7-439d-ab41-d55788c43ee3
00520130831174423.0
100##$a20130731l1905 k y0rusy50 ca
1010#$arus
102##$aRU
105##$ay z |||||
2001#$aВоззвание "Партии правого порядка"
$jОктябрь 1905
215##$a3 листа
251##$cДело
300##$aПрилагается записка с фамилиями трех членов Гапоновской организации
300##$aЧасть текста рукописная, часть напечатана типографским способом
330##$aЖ. Смесь
461#0$10011c5950b4-9b17-43ad-92f1-e565a07ae223
$12001
$aНикольский Борис Владимирович, историк права, профессор Юрьевского и Петербургского университетов, один из руководителей главного совета "Русского собрания", поэт, критик
$1251
$cФонд
$1852
$j588
462#0$1001855f2cb0-80f8-42f6-88fa-41bf4837b2b7
$12001
$aНикольский Борис Владимирович. 1837-1919 гг.
$1251
$cОпись
$1852
$j1
600#1$aНикольский
$bБ. В.
$gБорис Владимирович
600#1$aКладовиков
$bС. В.
$gСемен Васильевич
600#1$aСладков
$bН. Г.
$gНиколай Георгиевич
600#1$aПодосиновский
$bГ. К.
$gГеоргий Кузьмич
60102$aПартия правого порядка
60102$aПартия правого порядка. Гапоновская организация
801#0$aRU
$bGA_RF
801#1$aRU
$bНПО Опыт
$c20130731
$2rusmarc
801#2$aRU
$bПБ им. Б.Н. Ельцина
$c20130831
$gRCR
$2rusmarc
852##$aГА РФ
$j1510
937##$d31196250
$hПБ
035##$aRuPRLIB51010521
Формат отображения